000 01042cam a22003017a 4500
003 CHAP
005 20220329141653.0
008 971013s1969 r 00010 d
010 _a71956
011 _a72928
035 _a82485
040 _cCHAP
082 _a633
_bD39
100 0 0 _aDay, Peter Russell
_eed.
_931342
245 0 _aHow crops grow, a century later ; a series of lectures to celebrate the centennial of how crops grow by Samuel W. Johnson, 1868
260 _aNew Haven :
_bConnecticut Agricultural Experiment Station,
_c1969
300 _a180 p.
_b: ilus.
490 0 _aConnecticut Agr. Exp. Sta. Bulletin
_v; 708
590 _aBATCH-UPD
_b10
_c20130110
_lUCH01
_h0223
590 _aBATCH-UPD
_b10
_c20130110
_lUCH01
_h1815
590 _aCONVERSION
_b10
_c20130109
_lUCH01
_h1339
650 1 4 _aCultivos.
_930221
700 0 _aJonson, Samuel.
_962091
830 0 _aConnecticut Agr. Exp. Sta. Bulletin
_v; 708
_927200
901 _aBK
942 _cLIBRO
949 _a633 D39
_bBC
_cLIBRO
_d33724002203040
_eLIBRO
_h13944
_i82485
_si
999 _c71956
_d71956